Potravinový kódex SR
Pokračovanie Potravinového kódexu SR zo Slovenského výberu č. 1/02. Druhá a tretia časť všeobecných požiadaviek.
Saved in:
| Main Author: | |
|---|---|
| Format: | Book Chapter |
| Language: | Slovak |
| Subjects: | |
| Tags: |
No Tags, Be the first to tag this record!
|
MARC
| LEADER | 00000naa a2200000 4500 | ||
|---|---|---|---|
| 001 | r045157 | ||
| 005 | 20231002114516.5 | ||
| 041 | 0 | |a slo | |
| 044 | |a SK | ||
| 245 | 1 | 0 | |a Potravinový kódex SR |c Terézia Šinková |
| 520 | |a Pokračovanie Potravinového kódexu SR zo Slovenského výberu č. 1/02. Druhá a tretia časť všeobecných požiadaviek. | ||
| 610 | 2 | 0 | |a kódexy |
| 610 | 2 | 0 | |a potraviny |
| 610 | 2 | 0 | |a kozmetika |
| 610 | 2 | 0 | |a výrobky tabakové |
| 610 | 2 | 0 | |a pochutiny |
| 610 | 2 | 0 | |a Slovensko |
| 100 | 1 | |a Šinková, Terézia | |